[Event "SRB-chT Women 1st League 2019"]
[Site "Subotica"]
[Date "2019.08.27"]
[Round "6"]
[White "Kovacevic, Radmila"]
[Black "Drljevic, Ljilja"]
[Result "0-1"]
[WhiteElo "2117"]
[BlackElo "2162"]
[Annotator "NA"]
[PlyCount "108"]
[EventDate "2019.08.23"]
[EventType "team-tourn"]
[EventCountry "SRB"]
[SourceTitle "playchess.com"]
[Source "ChessBase"]
[SourceQuality "1"]
[TimeControl "40/5400+30:1800+30"]

1. e4 {[%emt 0:04:30]} d6 {[%emt 0:00:30]} 2. d4 {[%emt 0:00:30]} Nf6 {[%emt 0:00:00]} 3. Nc3 {[%emt 0:00:30]} g6 {[%emt 0:00:00]} 4. h3 {[%emt 0:00:30]} Bg7 {[%emt 0:00:30]} 5. Be3 {[%emt 0:00:30]} O-O {[%emt 0:00:30]} 6. Qd2 {[%emt 0:00:30]} c6 {[%emt 0:01:30]} 7. Nf3 {[%emt 0:02:30]} Nbd7 {[%emt 0:04:30]} 8. Bh6 {[%emt 0:05:30]} e5 {[%emt 0:01:30]} 9. Bxg7 {[%emt 0:05:30]} Kxg7 {[%emt 0:03:30]} 10. dxe5 {[%emt 0:00:30]} dxe5 {[%emt 0:00:30]} 11. Bd3 {[%emt 0:06:30]} Re8 {[%emt 0:16:30]} 12. Ne2 {[%emt 0:02:30]} Nc5 {[%emt 0:09:30]} 13. Ng3 {[%emt 0:06:30]} Qb6 {[%emt 0:14:30]} 14. O-O {[%emt 0:12:30]} Qxb2 {[%emt 0:01:30]} 15. a4 {[%emt 0:03:30]} Qb6 {[%emt 0:02:30]} 16. Qc3 {[%emt 0:06:30]} Ncd7 {[%emt 0:02:30]} 17. Nh4 {[%emt 0:08:30]} Qc5 {[%emt 0:03:30]} 18. Qd2 {[%emt 0:00:30]} Nf8 {[%emt 0:06:30]} 19. Qg5 {[%emt 0:00:30]} Ng8 {[%emt 0:01:30]} 20. Kh1 {[%emt 0:04:30]} Ne6 {[%emt 0:06:30]} 21. Nh5+ {[%emt 0:13:37]} Kh8 {[%emt 0:02:30]} 22. Qg3 {[%emt 0:00:12]} gxh5 {[%emt 0:02:59]} 23. Nf5 {[%emt 0:00:13]} Ne7 {[%emt 0:04:16]} 24. Qh4 {[%emt 0:04:11]} Ng7 {[%emt 0:02:14]} 25. f4 {[%emt 0:03:22]} Bxf5 {[%emt 0:03:04]} 26. exf5 {[%emt 0:00:31]} Nexf5 {[%emt 0:00:19]} 27. Bxf5 {[%emt 0:01:02]} Nxf5 {[%emt 0:00:22]} 28. Qf6+ {[%emt 0:00:09]} Ng7 {[%emt 0:00:04]} 29. fxe5 {[%emt 0:00:41]} Qxe5 {[%emt 0:05:47]} 30. Qxf7 {[%emt 0:00:12]} Qe7 {[%emt 0:00:29]} 31. Qb3 {[%emt 0:00:39]} Rf8 {[%emt 0:00:35]} 32. Rfe1 {[%emt 0:00:06]} Qf7 {[%emt 0:00:13]} 33. Qb2 {[%emt 0:01:30]} Rae8 {[%emt 0:00:13]} 34. Rf1 {[%emt 0:01:24]} Qe7 {[%emt 0:00:33]} 35. Rfe1 {[%emt 0:00:24]} Qxe1+ {[%emt 0:01:32]} 36. Rxe1 {[%emt 0:00:11]} Rxe1+ {[%emt 0:00:03]} 37. Kh2 {[%emt 0:00:00]} Re7 {[%emt 0:00:50]} 38. Qd4 {[%emt 0:00:58]} a6 {[%emt 0:00:22]} 39. a5 {[%emt 0:00:00]} Kg8 {[%emt 0:00:00]} 40. Qc4+ {[%emt 0:00:00]} Rff7 {[%emt 0:00:00]} 41. Qd3 {[%emt 0:04:08]} Rd7 {[%emt 0:04:05]} 42. Qg3 {[%emt 0:03:30]} Rf5 {[%emt 0:04:30]} 43. Qb3+ {[%emt 0:00:30]} Rfd5 {[%emt 0:01:30]} 44. Qb4 {[%emt 0:02:30]} Kf7 {[%emt 0:03:30]} 45. Qf4+ {[%emt 0:00:30]} Rf5 {[%emt 0:01:30]} 46. Qc4+ {[%emt 0:00:00]} Ne6 {[%emt 0:00:30]} 47. Qc3 {[%emt 0:02:00]} Rdd5 {[%emt 0:01:30]} 48. Qb2 {[%emt 0:00:30]} Rb5 {[%emt 0:00:00]} 49. Qh8 {[%emt 0:00:30]} Nf8 {[%emt 0:00:00]} 50. Qc3 {[%emt 0:00:30]} Ne6 {[%emt 0:03:30]} 51. Qh8 {[%emt 0:04:30]} Rxa5 {[%emt 0:00:00]} 52. Qxh7+ {[%emt 0:01:30]} Ng7 {[%emt 0:01:00]} 53. g4 {[%emt 0:00:30]} hxg4 {[%emt 0:00:30]} 54. hxg4 {[%emt 0:00:30]} Rh5+ 0-1

[Event "SRB-chT Women 1st League 2019"]
[Site "Subotica"]
[Date "2019.08.27"]
[Round "6"]
[White "Tomin, Ksenija"]
[Black "Grujic, Danijela"]
[Result "0-1"]
[WhiteElo "2041"]
[BlackElo "2033"]
[Annotator "NA"]
[PlyCount "52"]
[EventDate "2019.08.23"]
[EventType "team-tourn"]
[EventCountry "SRB"]
[SourceTitle "playchess.com"]
[Source "ChessBase"]
[SourceQuality "1"]
[TimeControl "40/5400+30:1800+30"]

1. e4 {[%emt 0:00:30]} c5 {[%emt 0:00:30]} 2. Nf3 {[%emt 0:00:00]} Nc6 {[%emt 0:00:30]} 3. Bb5 {[%emt 0:01:00]} d6 {[%emt 0:00:30]} 4. d4 {[%emt 0:01:30]} cxd4 {[%emt 0:00:30]} 5. Qxd4 {[%emt 0:03:30]} Bd7 {[%emt 0:00:30]} 6. Bxc6 {[%emt 0:00:30]} Bxc6 {[%emt 0:01:30]} 7. Nc3 {[%emt 0:01:30]} Nf6 {[%emt 0:00:30]} 8. Bg5 {[%emt 0:02:30]} e6 {[%emt 0:01:30]} 9. Qd3 {[%emt 0:04:30]} Be7 {[%emt 0:03:30]} 10. Nd4 {[%emt 0:08:30]} a6 {[%emt 0:06:30]} 11. O-O-O {[%emt 0:11:30]} O-O {[%emt 0:04:30]} 12. f4 {[%emt 0:01:30]} Qc7 {[%emt 0:02:30]} 13. h4 {[%emt 0:08:30]} b5 {[%emt 0:05:30]} 14. e5 {[%emt 0:08:30]} dxe5 {[%emt 0:08:30]} 15. Nxc6 {[%emt 0:06:30]} Qxc6 {[%emt 0:02:30]} 16. fxe5 {[%emt 0:00:30]} Rfd8 {[%emt 0:14:30]} 17. Qh3 {[%emt 0:07:30]} Rxd1+ {[%emt 0:04:30]} 18. Rxd1 {[%emt 0:02:30]} Nd5 {[%emt 0:02:30]} 19. Bxe7 {[%emt 0:04:30]} Nxe7 {[%emt 0:00:00]} 20. Rd6 {[%emt 0:07:11]} Qc4 {[%emt 0:07:00]} 21. Qf3 {[%emt 0:04:19]} Rc8 {[%emt 0:00:30]} 22. Rd7 {[%emt 0:02:15]} Nf5 {[%emt 0:05:30]} 23. Qb7 {[%emt 0:02:34]} b4 {[%emt 0:02:30]} 24. g4 {[%emt 0:00:26]} bxc3 {[%emt 0:01:30]} 25. gxf5 {[%emt 0:00:18]} Qf4+ {[%emt 0:02:30]} 26. Kd1 {[%emt 0:00:12]} Qf1# {[%emt 0:00:30]} 0-1

[Event "SRB-chT Women 1st League 2019"]
[Site "Subotica"]
[Date "2019.08.27"]
[Round "6"]
[White "Petrovic, Marija"]
[Black "Gruic, Jadranka"]
[Result "1/2-1/2"]
[WhiteElo "1987"]
[BlackElo "2117"]
[Annotator "NA"]
[PlyCount "118"]
[EventDate "2019.08.23"]
[EventType "team-tourn"]
[EventCountry "SRB"]
[SourceTitle "playchess.com"]
[Source "ChessBase"]
[SourceQuality "1"]
[TimeControl "40/5400+30:1800+30"]

1. Nf3 {[%emt 0:00:30]} d5 {[%emt 0:00:30]} 2. g3 {[%emt 0:00:00]} c6 {[%emt 0:00:00]} 3. Bg2 {[%emt 0:00:00]} Nf6 {[%emt 0:00:00]} 4. b3 {[%emt 0:00:30]} Bf5 {[%emt 0:00:30]} 5. Bb2 {[%emt 0:00:00]} h6 {[%emt 0:07:30]} 6. d3 {[%emt 0:00:00]} e6 {[%emt 0:00:30]} 7. O-O {[%emt 0:00:30]} Bc5 {[%emt 0:01:30]} 8. Nbd2 {[%emt 0:00:30]} O-O {[%emt 0:00:30]} 9. a3 {[%emt 0:02:30]} a5 {[%emt 0:00:30]} 10. c4 {[%emt 0:00:30]} b5 {[%emt 0:11:30]} 11. cxb5 {[%emt 0:09:30]} cxb5 {[%emt 0:00:00]} 12. Nd4 {[%emt 0:03:30]} Bxd4 {[%emt 0:15:00]} 13. Bxd4 {[%emt 0:00:30]} Nc6 {[%emt 0:00:00]} 14. Bb2 {[%emt 0:05:30]} Bg6 {[%emt 0:02:00]} 15. Nf3 {[%emt 0:00:30]} Nd7 {[%emt 0:06:30]} 16. Qd2 {[%emt 0:01:30]} Rc8 {[%emt 0:07:30]} 17. Rac1 {[%emt 0:01:30]} Qb6 {[%emt 0:07:30]} 18. Rc2 {[%emt 0:01:30]} b4 {[%emt 0:04:30]} 19. a4 {[%emt 0:02:30]} Nc5 {[%emt 0:04:30]} 20. Qe3 {[%emt 0:00:30]} Nd7 {[%emt 0:08:30]} 21. Rfc1 {[%emt 0:10:30]} Qxe3 {[%emt 0:03:17]} 22. fxe3 {[%emt 0:00:30]} Ne7 {[%emt 0:00:09]} 23. Nd4 {[%emt 0:00:30]} Nb8 {[%emt 0:13:35]} 24. Rc7 {[%emt 0:00:30]} Rfe8 {[%emt 0:01:34]} 25. Kf2 {[%emt 0:04:30]} Kf8 {[%emt 0:00:10]} 26. Nb5 {[%emt 0:07:30]} Rxc7 {[%emt 0:00:58]} 27. Rxc7 {[%emt 0:00:30]} Rc8 {[%emt 0:00:10]} 28. Be5 {[%emt 0:06:30]} Rxc7 {[%emt 0:01:57]} 29. Nxc7 {[%emt 0:02:30]} Nec6 {[%emt 0:00:45]} 30. Bd6+ {[%emt 0:00:00]} Kg8 {[%emt 0:00:02]} 31. Nb5 {[%emt 0:01:00]} Nd7 {[%emt 0:00:50]} 32. Nd4 {[%emt 0:01:30]} Nd8 {[%emt 0:01:58]} 33. Be7 {[%emt 0:02:30]} Nb7 {[%emt 0:00:49]} 34. Nc6 {[%emt 0:01:30]} Nbc5 {[%emt 0:00:14]} 35. Nxa5 {[%emt 0:00:30]} f6 {[%emt 0:00:01]} 36. e4 {[%emt 0:02:30]} dxe4 {[%emt 0:00:48]} 37. d4 {[%emt 0:00:30]} Na6 {[%emt 0:00:28]} 38. Nc6 {[%emt 0:01:30]} Kf7 {[%emt 0:00:58]} 39. Bxb4 {[%emt 0:01:30]} e3+ {[%emt 0:00:29]} 40. Kxe3 {[%emt 0:00:00]} Bc2 {[%emt 0:00:00]} 41. Bd6 {[%emt 0:05:00]} Bxb3 {[%emt 0:02:18]} 42. a5 {[%emt 0:02:30]} Bd5 {[%emt 0:16:29]} 43. Be4 {[%emt 0:03:30]} f5 {[%emt 0:03:24]} 44. Bxd5 {[%emt 0:05:30]} exd5 {[%emt 0:00:02]} 45. Nb4 {[%emt 0:05:30]} Nxb4 {[%emt 0:00:56]} 46. Bxb4 {[%emt 0:00:00]} Nb8 {[%emt 0:00:04]} 47. h4 {[%emt 0:00:00]} g6 {[%emt 0:02:53]} 48. Kd3 {[%emt 0:01:30]} Ke6 {[%emt 0:02:26]} 49. Bc5 {[%emt 0:02:30]} Kd7 {[%emt 0:02:00]} 50. Ke3 {[%emt 0:01:30]} Ke6 {[%emt 0:00:41]} 51. Bf8 {[%emt 0:00:00]} h5 {[%emt 0:00:05]} 52. Kf4 {[%emt 0:00:00]} Na6 {[%emt 0:01:26]} 53. Kg5 {[%emt 0:02:30]} Kf7 {[%emt 0:00:01]} 54. Bc5 {[%emt 0:00:30]} Nb8 {[%emt 0:01:52]} 55. Kh6 {[%emt 0:01:30]} Kf6 {[%emt 0:01:30]} 56. Kh7 {[%emt 0:00:30]} Kf7 {[%emt 0:00:06]} 57. Bd6 {[%emt 0:02:30]} Na6 {[%emt 0:00:04]} 58. Kh6 {[%emt 0:00:30]} Kf6 {[%emt 0:00:16]} 59. Be5+ {[%emt 0:00:30]} Kf7 1/2-1/2

[Event "SRB-chT Women 1st League 2019"]
[Site "Subotica"]
[Date "2019.08.27"]
[Round "6"]
[White "Gajcin, Jasmina"]
[Black "Stanimirovic, Marija"]
[Result "0-1"]
[WhiteElo "1910"]
[BlackElo "1896"]
[Annotator "NA"]
[PlyCount "76"]
[EventDate "2019.08.23"]
[EventType "team-tourn"]
[EventCountry "SRB"]
[SourceTitle "playchess.com"]
[Source "ChessBase"]
[SourceQuality "1"]
[TimeControl "40/5400+30:1800+30"]

1. e4 {[%emt 1:30:30]} c5 {[%emt 1:30:30]} 2. Nf3 {[%emt 0:00:30]} a6 {[%emt 0:00:30]} 3. Be2 {[%emt 0:00:30]} Nc6 {[%emt 0:00:30]} 4. O-O {[%emt 0:00:30]} Nf6 {[%emt 0:00:30]} 5. d3 {[%emt 0:00:30]} Qc7 {[%emt 0:00:30]} 6. Re1 {[%emt 0:00:30]} e6 {[%emt 0:00:30]} 7. Bf1 {[%emt 0:00:30]} d6 {[%emt 0:00:30]} 8. c3 {[%emt 0:00:30]} Be7 {[%emt 0:00:30]} 9. d4 {[%emt 0:00:30]} cxd4 {[%emt 0:00:30]} 10. cxd4 {[%emt 0:00:30]} d5 {[%emt 0:00:30]} 11. e5 {[%emt 0:00:30]} Ne4 {[%emt 0:00:30]} 12. Bd3 {[%emt 0:00:30]} Nb4 {[%emt 0:00:30]} 13. Na3 {[%emt 0:00:30]} Nxd3 {[%emt 0:00:30]} 14. Qxd3 {[%emt 0:00:30]} O-O {[%emt 0:00:30]} 15. Bf4 {[%emt 0:00:30]} Bd7 {[%emt 0:00:30]} 16. Nd2 {[%emt 0:00:30]} Nxd2 {[%emt 0:00:30]} 17. Qxd2 {[%emt 0:00:30]} b5 {[%emt 0:00:30]} 18. Nc2 {[%emt 0:00:30]} Rac8 {[%emt 0:00:30]} 19. Rac1 {[%emt 0:00:30]} Qb6 {[%emt 0:00:30]} 20. Bg5 {[%emt 0:00:30]} f6 {[%emt 0:00:30]} 21. exf6 {[%emt 0:00:30]} Bxf6 {[%emt 0:00:30]} 22. Bxf6 {[%emt 0:00:30]} Rxf6 {[%emt 0:00:30]} 23. Ne3 {[%emt 0:00:30]} Rxc1 {[%emt 0:00:30]} 24. Rxc1 {[%emt 0:00:30]} Rf4 {[%emt 0:00:30]} 25. Rd1 {[%emt 0:00:30]} Qd6 {[%emt 0:00:30]} 26. b4 {[%emt 0:00:30]} Qf8 {[%emt 0:00:30]} 27. h3 {[%emt 0:00:30]} h5 {[%emt 0:00:30]} 28. Rf1 {[%emt 0:00:30]} Be8 {[%emt 0:00:30]} 29. Qc3 {[%emt 0:00:30]} Bg6 {[%emt 0:00:30]} 30. a3 {[%emt 0:00:30]} Qf6 {[%emt 0:00:30]} 31. Qc8+ {[%emt 0:00:30]} Kh7 {[%emt 0:00:30]} 32. Nc2 {[%emt 0:00:30]} Bd3 {[%emt 0:00:30]} 33. Rd1 {[%emt 0:00:30]} Rxf2 {[%emt 0:00:30]} 34. Ne3 {[%emt 0:00:30]} Be4 {[%emt 0:00:30]} 35. Qe8 {[%emt 0:00:30]} Bg6 {[%emt 0:00:30]} 36. Qc8 {[%emt 0:00:30]} Qf4 {[%emt 0:00:30]} 37. Re1 {[%emt 0:00:30]} Rd2 {[%emt 0:00:30]} 38. Kh1 {[%emt 0:00:30]} Qf2 {[%emt 0:00:30]} 0-1

[Event "SRB-chT Women 1st League 2019"]
[Site "Subotica"]
[Date "2019.08.28"]
[Round "7"]
[White "Atalik, Ekaterina"]
[Black "Zimina, Olga"]
[Result "1/2-1/2"]
[WhiteElo "2456"]
[BlackElo "2376"]
[Annotator "TA"]
[PlyCount "45"]
[EventDate "2019.08.23"]
[EventType "team-tourn"]
[EventCountry "SRB"]
[SourceTitle "playchess.com"]
[Source "ChessBase"]
[SourceQuality "1"]

{[%evp 23,45,25,43,31,49,31,38,7,19,0,9,0,-6,-26,0,-3,11,0,17,0,0,-9,-9,-14]} 1. Nf3 d5 2. e3 Nf6 3. c4 c6 4. Nc3 e6 5. b3 Bd6 6. Bb2 O-O 7. d4 Nbd7 8. Bd3 e5 9. cxd5 cxd5 10. dxe5 Nxe5 11. Be2 Nc6 12. O-O a6 13. h3 $146 {D32: Tarrasch Defence: Sidelines and lines without g3} ({Predecessor:} 13. Rc1 Bg4 14. h3 Bh5 15. Na4 Qe7 16. Nd4 Bxe2 17. Nxc6 bxc6 18. Qxe2 c5 19. Bxf6 Qxf6 20. Nxc5 Rfc8 21. Na4 Qe6 {½-½ (44) Yeletsky,I (2406)-Postnikov,A (2281) Moscow 2019}) 13... Bc7 14. Re1 Re8 15. Bf1 {White is slightly better.} Bf5 16. Ne2 Be4 17. Ned4 Qd6 {[#] Strongly threatening ...Nxd4.} 18. g3 Ba5 19. Re2 {The position is equal.} Nb4 20. Ne1 Rac8 21. a3 Nc6 22. Bg2 Ne5 23. Ndf3 {Accuracy: White = 26%, Black = 29%.} 1/2-1/2

[Event "SRB-chT Women 1st League 2019"]
[Site "Subotica"]
[Date "2019.08.28"]
[Round "7"]
[White "Doluhanova, Evgeniya"]
[Black "Belenkaya, Dina"]
[Result "0-1"]
[WhiteElo "2305"]
[BlackElo "2298"]
[Annotator "TA"]
[PlyCount "29"]
[EventDate "2019.08.23"]
[EventType "team-tourn"]
[EventCountry "SRB"]
[SourceTitle "playchess.com"]
[Source "ChessBase"]
[SourceQuality "1"]

{[%evp 9,29,-2,2,-6,1,-14,0,-14,14,-6,-12,-16,0,-33,-23,-25,22,33,23,12,8,-20]} 1. Nf3 d5 2. e3 Nf6 3. b3 Bf5 4. Bb2 e6 5. d3 Nbd7 (5... Be7 6. Nbd2 O-O 7. Qe2 a5 8. e4 Bg6 9. Ne5 dxe4 10. dxe4 a4 11. O-O-O axb3 12. axb3 Ba3 13. Bxa3 Rxa3 {0-1 (30) Shengelia,D (2578)-Rapport,R (2543) Austria 2011}) 6. Nbd2 {A06: Réti Opening:1 Nf3 d5} Bc5 7. Qe2 $146 ({Predecessor:} 7. Be2 Qe7 8. a3 Bg6 9. Nh4 e5 10. c4 d4 11. Nxg6 hxg6 {½-½ (36) Hermannsdoerfer,F (2242)-Schmidt,J (2055) Berlin 2012}) 7... Qe7 8. g3 a5 {[%cal Ba7a5,Ba5a4][%mdl 32]} 9. Bg2 a4 10. O-O c6 11. Ne5 O-O 12. e4 {[#] Threatens to win with Nxd7.} dxe4 13. dxe4 Bg6 14. Nxg6 hxg6 15. c4 {[%mdl 32768] Loss on time!?} 0-1

[Event "SRB-chT Women 1st League 2019"]
[Site "Subotica"]
[Date "2019.08.28"]
[Round "7"]
[White "Gajcin, Marina"]
[Black "Rapport, Jovana"]
[Result "0-1"]
[WhiteElo "2267"]
[BlackElo "2370"]
[Annotator "TA"]
[PlyCount "40"]
[EventDate "2019.08.23"]
[EventType "team-tourn"]
[EventCountry "SRB"]
[SourceTitle "playchess.com"]
[Source "ChessBase"]
[SourceQuality "1"]

{[%evp 10,40,25,0,18,13,16,18,20,22,22,19,20,31,18,0,12,12,0,0,0,-60,-75,-62,-58,-68,-70,-66,-70,-65,-65,-70,-72]} 1. e4 c6 2. Nc3 d5 3. Nf3 dxe4 4. Nxe4 Nf6 5. Nxf6+ exf6 6. Bc4 Qe7+ {B11: Caro-Kann: Two Knights Variation} (6... Bd6 7. Qe2+ Qe7 8. d4 Be6 9. O-O Bxc4 10. Qxc4 O-O 11. Re1 Qd7 12. Bd2 Na6 13. a3 Rfe8 14. Qb3 h5 15. c4 Rad8 16. Rxe8+ Rxe8 {½-½ (39) Vachier Lagrave,M (2779)-Nepomniachtchi,I (2775) Zagreb 2019}) 7. Be2 Qc7 8. O-O Bd6 {The position is equal.} 9. d4 O-O 10. c4 Re8 11. Re1 Nd7 $146 {[%cal Bb8d7,Bd7f8,Bf8e6,Be6f4][%mdl 32]} ({Predecessor:} 11... Bg4 12. h3 Bh5 13. c5 Bf8 14. Be3 Nd7 15. Nh4 Bxe2 16. Rxe2 g6 17. Qd2 Rad8 {0-1 (55) Masich,V (1954)-Turov,V (2078) Odintsovo 2011}) 12. c5 Be7 $1 13. b4 Nf8 14. d5 cxd5 15. Nd4 (15. Be3 $11) 15... a5 $15 16. Nb5 Qd8 {Black is slightly better.} 17. Bf4 $1 Ne6 18. Bd6 axb4 19. Qxd5 {[#]} Nf4 $1 {[%cal Rf4d5][%mdl 512]} 20. Qc4 (20. Bxf4 Qxd5) 20... Bxd6 $1 {Accuracy: White = 70%, Black = 78%.} ({Reject} 20... Nxe2+ $6 21. Rxe2 Bxd6 22. Rxe8+ Qxe8 23. Nxd6 $11) 0-1

[Event "SRB-chT Women 1st League 2019"]
[Site "Subotica"]
[Date "2019.08.28"]
[Round "7"]
[White "Velikic, Adela"]
[Black "Vujcic, Milena"]
[Result "1/2-1/2"]
[WhiteElo "2252"]
[BlackElo "1976"]
[Annotator "TA"]
[PlyCount "40"]
[EventDate "2019.08.23"]
[EventType "team-tourn"]
[EventCountry "SRB"]
[SourceTitle "playchess.com"]
[Source "ChessBase"]
[SourceQuality "1"]

{[%evp 18,40,53,48,52,43,50,48,45,44,56,58,57,56,73,52,75,29,120,8,87,-138,85,-69,48]} 1. d4 Nf6 2. c4 g6 3. Nc3 Bg7 4. e4 d6 5. Nf3 O-O 6. Be2 e5 7. O-O Nc6 8. d5 Ne7 {[%cal Bc6e7,Be7f5,Bf5d4][%mdl 32]} 9. b4 Ne8 10. a4 {[%cal Ba2a4,Ba4a5][%mdl 32]} f5 {E97: King's Indian: Classical Main Line (6...e5 7 0-0 Nc6): 8 Be3 and 8 d5 Ne7, not 9 Ne1} (10... h6 11. c5 f5 12. a5 Nf6 13. Nd2 f4 14. Ba3 g5 15. b5 g4 16. b6 axb6 17. axb6 cxb6 18. cxd6 Rxa3 19. Rxa3 {0-1 (41) Topalov,V (2749)-Nakamura,H (2780) Saint Louis 2017}) 11. a5 Nf6 12. Bg5 fxe4 {White is slightly better.} 13. Nd2 Nf5 14. Ndxe4 Nd4 15. Bd3 Bf5 16. Rc1 $146 ({Predecessor:} 16. Ne2 Qd7 17. Bxf6 Nxe2+ 18. Qxe2 Bxf6 {0-1 (62) Simonet Pons,M (2246)-Aloma Vidal,R (2389) Catalunya 2013}) 16... Kh8 17. f4 h6 (17... exf4 $11 18. Nxf6 (18. Rxf4 Qe8 $11) 18... Bxf6 19. Bxf6+ Qxf6) 18. Bh4 (18. fxe5 $16 dxe5 19. Nxf6 hxg5 20. Bxf5 Rxf6 21. Bd3) 18... Qd7 (18... exf4 $11 {remains equal.} 19. Bxf6 Bxf6) 19. Re1 $2 {[#]} (19. Bxf6 $16 Bxf6 20. Nxf6 Rxf6 21. fxe5 dxe5 22. Ne2) 19... Qf7 $2 ({Stronger than} 19... exf4 20. Nxf6 Rxf6 21. Bxf6 $16) (19... Bg4 $1 $17 {[%cal Rg4d1] keeps the pressure on.} 20. Nxf6 Bxf6 21. Bxf6+ Rxf6) 20. Nf2 $2 ({Better is} 20. Bxf6 $16 {Strongly threatening fxe5.} Bxf6 21. Nxf6 Qxf6 22. fxe5 dxe5 23. Bxf5 Qxf5 24. Nb5) 20... Bxd3 {Accuracy: White = 25%, Black = 29%.} (20... exf4 $15 21. Nb5 Nxb5 22. Bxf5 gxf5 23. Bxf6 Bxf6 24. cxb5 Rae8) 1/2-1/2

[Event "SRB-chT Women 1st League 2019"]
[Site "Subotica"]
[Date "2019.08.28"]
[Round "7"]
[White "Hejazipour, Mitra"]
[Black "Nomin-Erdene, Davaademberel"]
[Result "0-1"]
[WhiteElo "2251"]
[BlackElo "2367"]
[Annotator "TA"]
[PlyCount "32"]
[EventDate "2019.08.23"]
[EventType "team-tourn"]
[EventCountry "SRB"]
[SourceTitle "playchess.com"]
[Source "ChessBase"]
[SourceQuality "1"]

{[%evp 14,32,27,23,35,-30,24,16,31,22,31,0,0,0,0,0,11,0,71,2,31]} 1. Nf3 f5 2. d4 Nf6 3. c4 g6 4. g3 Bg7 5. Bg2 O-O 6. O-O d6 7. Nc3 Qe8 8. Qb3 h6 {A87: Dutch Defence: Leningrad System: 5 Nf3} (8... c6 9. Re1 Na6 10. Bf4 Ne4 11. Rad1 e5 12. Bc1 Nxc3 13. Qxc3 exd4 14. Qa3 c5 15. e3 dxe3 16. Bxe3 Qd8 {1-0 (25) Miroshnichenko,E (2606)-Pruijssers,R (2536) chess.com INT 2018}) 9. h4 (9. Nh4 $14) 9... Na6 $146 (9... e5 $142) ({Predecessor:} 9... Qf7 10. Bd2 c6 11. Rac1 Nbd7 12. d5 Nc5 13. Qc2 cxd5 14. cxd5 Bd7 15. Nd4 Rac8 16. Qd1 {½-½ (44) Josting,F (1922)-Lehmann,E (2035) Binz 2016}) 10. c5+ $11 Kh8 11. cxd6 cxd6 12. Bf4 Nh5 13. Nb5 Bd7 14. a4 Bc6 15. Rac1 Nf6 (15... Nxf4 $11 {remains equal.} 16. gxf4 Qf7 17. Qxf7 Rxf7) 16. Nd2 ({White should try} 16. Ne1 $16) 16... Nh5 {[%mdl 32768] Accuracy: White = 39%, Black = 25%. . Loss on time!?} 0-1

[Event "SRB-chT Women 1st League 2019"]
[Site "Subotica"]
[Date "2019.08.28"]
[Round "7"]
[White "Drljevic, Ljilja"]
[Black "Nestorovic, Irena"]
[Result "1-0"]
[WhiteElo "2162"]
[BlackElo "2050"]
[Annotator "NA"]
[PlyCount "32"]
[EventDate "2019.08.23"]
[EventType "team-tourn"]
[EventCountry "SRB"]
[SourceTitle "playchess.com"]
[Source "ChessBase"]
[SourceQuality "1"]
[TimeControl "40/5400+30:1800+30"]

1. e4 {[%emt 0:34:30]} e5 {[%emt 0:27:30]} 2. Nc3 {[%emt 0:00:30]} Nf6 {[%emt 0:00:30]} 3. g3 {[%emt 0:00:30]} d5 {[%emt 0:00:30]} 4. exd5 {[%emt 0:00:30]} Nxd5 {[%emt 0:00:30]} 5. Bg2 {[%emt 0:01:30]} Nxc3 {[%emt 0:00:30]} 6. bxc3 {[%emt 0:00:30]} Bd6 {[%emt 0:00:30]} 7. Nf3 {[%emt 0:00:30]} Nc6 {[%emt 0:00:30]} 8. O-O {[%emt 0:00:30]} O-O {[%emt 0:00:30]} 9. Rb1 {[%emt 0:00:30]} Rb8 {[%emt 0:00:30]} 10. Re1 {[%emt 0:00:30]} Bg4 {[%emt 0:00:30]} 11. h3 {[%emt 0:00:30]} Bh5 {[%emt 0:00:30]} 12. d3 {[%emt 0:00:30]} f6 {[%emt 0:00:30]} 13. Be3 {[%emt 0:03:30]} b6 {[%emt 0:09:30]} 14. g4 {[%emt 0:11:30]} Be8 {[%emt 0:01:30]} 15. d4 {[%emt 0:09:30]} exd4 {[%emt 0:10:30]} 16. cxd4 {[%emt 0:01:30]} Na5 {[%emt 0:42:07]} 1-0

[Event "SRB-chT Women 1st League 2019"]
[Site "Subotica"]
[Date "2019.08.28"]
[Round "7"]
[White "Nestorovic, Katarina"]
[Black "Prudnikova, Svetlana"]
[Result "1/2-1/2"]
[WhiteElo "2159"]
[BlackElo "2234"]
[Annotator "NA"]
[PlyCount "32"]
[EventDate "2019.08.23"]
[EventType "team-tourn"]
[EventCountry "SRB"]
[SourceTitle "playchess.com"]
[Source "ChessBase"]
[SourceQuality "1"]
[TimeControl "40/5400+30:1800+30"]

1. e4 {[%emt 0:27:30]} c5 {[%emt 0:26:30]} 2. Nf3 {[%emt 0:00:30]} d6 {[%emt 0:00:30]} 3. d4 {[%emt 0:00:30]} cxd4 {[%emt 0:00:30]} 4. Nxd4 {[%emt 0:00:30]} Nf6 {[%emt 0:00:30]} 5. Nc3 {[%emt 0:00:30]} a6 {[%emt 0:00:30]} 6. Be2 {[%emt 0:00:30]} e6 {[%emt 0:00:30]} 7. f4 {[%emt 0:00:30]} Be7 {[%emt 0:00:30]} 8. Be3 {[%emt 0:00:30]} Qc7 {[%emt 0:09:30]} 9. O-O {[%emt 0:04:30]} O-O {[%emt 0:00:30]} 10. Qe1 {[%emt 0:01:30]} Nc6 {[%emt 0:00:30]} 11. Qg3 {[%emt 0:00:30]} Nxd4 {[%emt 0:00:30]} 12. Bxd4 {[%emt 0:00:30]} b5 {[%emt 0:00:30]} 13. a3 {[%emt 0:00:30]} Bb7 {[%emt 0:00:30]} 14. Kh1 {[%emt 0:00:30]} Bc6 {[%emt 0:00:30]} 15. Rae1 {[%emt 0:00:30]} Qb7 {[%emt 0:00:30]} 16. Bf3 {[%emt 0:00:30]} Rad8 1/2-1/2

[Event "SRB-chT Women 1st League 2019"]
[Site "Subotica"]
[Date "2019.08.28"]
[Round "7"]
[White "Miladinovic, Lena"]
[Black "Gajcin, Jasmina"]
[Result "1/2-1/2"]
[WhiteElo "2119"]
[BlackElo "1910"]
[Annotator "NA"]
[PlyCount "78"]
[EventDate "2019.08.23"]
[EventType "team-tourn"]
[EventCountry "SRB"]
[SourceTitle "playchess.com"]
[Source "ChessBase"]
[SourceQuality "1"]
[TimeControl "40/5400+30:1800+30"]

1. Nf3 Nf6 2. b3 g6 3. Bb2 Bg7 4. c4 c5 5. e3 Nc6 6. Be2 O-O 7. O-O b6 8. d4 cxd4 9. Nxd4 Bb7 10. Nc3 Nxd4 11. Qxd4 Nd5 12. Qd2 Nxc3 13. Bxc3 Bxc3 14. Qxc3 Qc7 15. Qd4 Qc6 16. Bf3 Qc7 17. Bxb7 Qxb7 18. Rfd1 d6 19. Qf4 Rac8 20. Rd5 Rc7 21. Rad1 Rfc8 22. h4 Rc5 23. Qf3 Qd7 24. h5 b5 25. Rxc5 Rxc5 26. cxb5 Rxb5 27. hxg6 hxg6 28. Qa8+ Kg7 29. Rc1 Rb7 30. Rc8 Rc7 31. Rh8 Qf5 32. Qf8+ Kf6 33. Rh4 Rc1+ 34. Kh2 Ke6 35. Rf4 Qh5+ 36. Kg3 Qg5+ 37. Kf3 Qh5+ 38. Kg3 Qg5+ 39. Kf3 Qh5+ 1/2-1/2